Indian State Map Shape - Statistics

General Stats
  • This quiz has been taken 918 times
  • The average score is 15 of 29
Answers on the Map
Answers color-coded by a green-red scale on the quiz's map according to % correct below.
 
Answer Stats
Answer % Correct
Gujarat
82%
Kerala
81%
Maharashtra
81%
Madhya Pradesh
78%
West Bengal
78%
Rajasthan
73%
Uttar Pradesh
69%
Jammu and Kashmir
68%
Tamil Nadu
63%
Assam
62%
Chhattisgarh
60%
Andhra Pradesh
57%
Telangana
56%
Karnataka
55%
Arunachal Pradesh
51%
Bihar
50%
Odisha
50%
Jharkhand
49%
Punjab
43%
Haryana
41%
Meghalaya
40%
Sikkim
36%
Uttarakhand
34%
Himachal Pradesh
28%
Mizoram
28%
Nagaland
28%
Tripura
28%
Goa
27%
Manipur
26%
No matching quizzes found
Score Distribution
Percent of People with Each Score
Percentile by Number Answered
Your Score History
You have not taken this quiz